000
00298 a2200121 4500
001
146894
040
_c
Escola São Tomás de Aquino
100
_a
MACHADO, Ana Maria
240
1
0
_a
Avental que o vento leva
_l
por
245
1
0
_a
Avental que o vento leva
697
_a
*LITERATURA INFANTO
942
_c
BK
999
_c
146894
_d
146894